Quiz sur Chypre - Statistiques

Statistiques générales
  • Ce quiz a été pris 14 fois
  • Le résultat moyen est 6 sur 17
Statistiques - réponses
Hint Réponse % Correct
Capitale de Chypre Nicosie
100%
contrôle Chypre de 1878 jusqu'à son indépendance Royaume-Uni
75%
Unique pays reconnaissant cette indépendance Turquie
75%
Pays avec lesquels Chypre a conclu un accord de coopération militaire en 2025 Grèce
67%
contrôle Chypre du XVIe siècle jusqu'en 1878 Empire ottoman
50%
En quelle année Chypre rejoint l'UE ? 2004
33%
Année de l'invasion de la partie nord de Chypre par la Turquie 1974
25%
Noms des deux bases qu'a conservé ce dernier pays Akrotiri
25%
Pays avec lesquels Chypre a conclu un accord de coopération militaire en 2025 Israël
25%
Nom de la ligne mise en place par l'ONU qui coupe le pays en deux Ligne verte
25%
Quand Chypre obtient-elle son indépendance ? 1960
17%
Nombre estimé de Chypriotes grecs ayant fui vers le Sud suite à l'invasion turque 200 000
17%
Noms des deux bases qu'a conservé ce dernier pays Dhekelia
17%
Nom du projet/mouvement voulant rattacher Chypre à la Grèce Enosis
17%
Année d'intervention de l'ONU suite aux fortes tensions intracommunautaires 1964
8%
La République turque de Chypre du Nord proclame son indépendance cette année-là 1983
8%
Nom du plan ayant donné espoir pour une réunification de l'île en 2003 Plan Annan
8%
Aucun quiz correspondant
Distribution des résultats
% des personnes avec chaque résultat
Percentile par nombre de réponses
Votre historique - résultats
Vous n’avez pas pris ce quiz